000 01029nam a22002891 4500
001 143681
003 SpMaBN
005 20250915063056.0
008 981210s1964 sp spa
016 7 _abimoBNE20000173348
_zIND9800830044
_2SpMaBN
017 _aPM 1803-1964
_bOficina Depósito Legal Mallorca
035 _a(OCoLC)432714045
040 _aSpMaBN
_bspa
_cCDM
_dES-MaACL
080 _a86-312.6"19"
080 _a92(Homs, Caballero)(0:86-3)
100 1 _aSerra, Antoni,
_d1936-
_0XX1113983
_9105600
245 1 0 _aBiografía novelesca de "Caballero Homs"
_h[Texto impreso]
_cepílogo de Miguel A. Colomar
260 _a[Palma de Mallorca
_bs.n.
_c1964]
_fImp. Fullana
300 _a28 h.
_c21 cm
490 0 _aColección "Galilea" de Prosa
650 4 _914518
_aLiteratura catalana-
_yS.XX
700 1 _aColomar, Miguel Ángel,
_d1903-1970
_9227266
852 _aES-MaACL
_bR.56959
_9148869
_cDEPOF
_j2044-F-24
942 _2udc
_cMONOGRAFIA
999 _c143681
_d143681